000 00454nam a2200157 4500
999 _c5400
_d5400
008 161024b xxu||||| |||| 00| 0 eng d
022 _a 9770118389007
082 _aDPer 641.05 F73 Mar-Nov 2012
100 _916664
_aSamson, Tintin
245 _aRibs the rub away/
_cTintin Samson.
260 _aQuezon City:
_bABS CBN Publishing, Inc.,
_c©2012.
300 _apage 28;
_c30 cm.
500 _aFood.
650 0 _916665
_aFood
942 _2ddc
_cPER